| 000 | 00000nas 2200000za 4500 |
| 001 | 9.504345 |
| 003 | CaOODSP |
| 005 | 20221107133407 |
| 007 | cr ||||||||||| |
| 008 | 150406c20159999onc x p o||||f| |0fre|d |
| 040 | |aCaOODSP|bfre |
| 043 | |an-cn--- |
| 086 | 1 |aXC59-3/2F-PDF |
| 110 | 1 |aCanada. |bParlement. |bChambre des communes. |bSous-comité sur un code de conduite pour les députés. |
| 245 | 10|aTémoignages |h[ressource électronique] / |cSous-comité sur un code de conduite pour les députés. |
| 260 | |aOttawa : |bChambre des communes. |
| 310 | |aIrrégulier |
| 362 | 1 |aParaît depuis : n° 3, 2e session, 41e législature (le lundi 2 février 2015). |
| 500 | |aPubl. aussi en anglais sous le titre: Evidence. |
| 775 | 08|tEvidence |w(CaOODSP)9.507967 |